Tydskrif vir Hedendaagse Romeins-Hollandse Reg 2023 (Record no. 3016)

MARC details
000 -LEADER
fixed length control field 00485nam a22001697a 4500
005 - DATE AND TIME OF INPUT
control field 20240904145436.0
008 - DATA ELEMENTS--GENERAL INFORMATION
fixed length control field 240904b |||||||| |||| 00| 0 eng d
022 ## - INTERNATIONAL STANDARD SERIAL NUMBER
International Standard Serial Number 16824490
041 ## - LANGUAGE CODE
Language code of text English
082 ## - SHELF NUMBER
DDC number 349 TYD
100 ## - MAIN AUTHOR
Language of a work English
245 ## - TITLE STATEMENT
Title Tydskrif vir Hedendaagse Romeins-Hollandse Reg 2023
260 ## - PUBLICATION, DISTRIBUTION, ETC.
Place of publication, distribution, etc. Durban:
Name of publisher, distributor, etc. LexisNexis (Edms) Bpk,
Date of publication, distribution, etc. 2023
300 ## - PHYSICAL DESCRIPTION
Other physical details 283 pages;
Dimensions 25 cm.
650 ## - SUBJECT`
Broad subject Legal practice
Own subject terms Law
942 ## - ADDED ENTRY ELEMENTS (KOHA)
Item type Books
942 ## - ADDED ENTRY ELEMENTS (KOHA)
-- ALISON_BN_VRIES
Holdings
Source of classification or shelving scheme Volume number (bound volume or other part) Not for loan Collection code Home library Current library Shelving location Date acquired Full call number Barcode Price effective from Koha item type
Dewey Decimal Classification Nommer 2 Mei 2023   TEXT BOOKS LAW SOCIETY OF NAMIBIA LIBRARY - WINDHOEK LAW SOCIETY OF NAMIBIA LIBRARY - WINDHOEK Tydskrif vir hedendaages romeins hollandse reg 09/04/2024 349 TYD LSN/2024/1 09/04/2024 Books
Dewey Decimal Classification Nommer 4 November 2023   TEXT BOOKS LAW SOCIETY OF NAMIBIA LIBRARY - WINDHOEK LAW SOCIETY OF NAMIBIA LIBRARY - WINDHOEK Tydskrif vir hedendaages romeins hollandse reg 09/04/2024 349 TYD LSN/2024/4 09/04/2024 Books
Dewey Decimal Classification November 3 Augustus 2023   TEXT BOOKS LAW SOCIETY OF NAMIBIA LIBRARY - WINDHOEK LAW SOCIETY OF NAMIBIA LIBRARY - WINDHOEK Tydskrif vir hedendaages romeins hollandse reg 10/15/2024 349 TYD LSN/2024/118 10/15/2024 Books